Statistics for General Knowledge Quiz #110

Click here to take the quiz!

General Stats

  • This quiz has been taken 80,646 times
    (5,165 since last reset)
  • The average score is 14 of 20

Answer Stats

QuestionAnswer% Correct
What bird was first sighted in 1598 and was driven to extinction by 1670?Dodo
94%
What comes next after Alfa, Bravo, and Charlie?Delta
91%
What sport does the term "en garde!" come from?Fencing
89%
What is the biggest type of penguin?Emperor Penguin
88%
What country defeated Brazil 7-1 in the semi-finals of the 2014 FIFA World Cup?Germany
83%
What city is the executive capital of the European Union?Brussels
81%
What type of animation was used to make "Gumby" and "Wallace & Gromit"?Claymation
76%
What movie featured a clique called the "Plastics" who always wore pink on Wednesday?Mean Girls
74%
What style of music comes in Chicago, Delta, and Texas varieties?The Blues
70%
What animal is the closest relative of the bonobo?Chimpanzee
68%
How many is four score and seven?87
66%
Who was Pinocchio's conscience?Jiminy Cricket
64%
What country is attempting to construct a city which will consist of a 170 kilometer long
"line" home to 9 million people?
Saudi Arabia
64%
In what city did Mother Teresa do her charity work?Kolkata
62%
What Canadian singer began to date her manager when she was 19 and he was 45?Celine Dion
61%
What type of volcanic stone is commonly used during pedicures?Pumice
59%
If a person is "guapo" in Spanish, what are they in English?Handsome
57%
What is the most populous island in French Polynesia?Tahiti
55%
What is the name of the good witch in "The Wizard of Oz"?Glinda
50%
What real life "war" was Dr. Seuss's "The Butter Battle Book" a commentary on?Cold War
43%

Score Distribution

Percentile by Number Answered

Percent of People with Each Score

Your Score History

You have not taken this quiz since the last reset